[Event "Cerdanyola del Valles op 28th"]
[Site "Cerdanyola del Valles"]
[Date "2010.10.23"]
[Round "4"]
[White "Segura Sanchez, Sergi"]
[Black "Gomez Domenech, David"]
[Result "0-1"]
[WhiteElo "1629"]
[BlackElo "1758"]
[PlyCount "85"]
[EventDate "2010.10.02"]
[EventType "swiss"]
[EventRounds "7"]
[EventCountry "ESP"]
[SourceTitle "EXT 2012"]
[Source "ChessBase"]
[SourceDate "2011.11.24"]
[SourceVersion "1"]
[SourceVersionDate "2011.11.24"]
[SourceQuality "1"]

1. e4 c5 2. Nf3 Nc6 3. d4 cxd4 4. Nxd4 g6 5. Nc3 Bg7 6. Nb3 Nf6 7. Be2 0-0 8. 0-0 d6 9. Bg5 a5 10. a4 Be6 11. Kh1 Qc8 12. f4 Bg4 13. Bxf6 Bxe2 14. Qxe2 Bxf6 15. h3 Nb4 16. Rf3 Rd8 17. Rd1 e6 18. e5 dxe5 19. Rxd8+ Qxd8 20. fxe5 Bg7 21. Nc5 b6 22. Nd3 Nxd3 23. Qxd3 Qc7 24. Re3 Rc8 25. Qe2 Bf8 26. Qd2 Bh6 27. Qe2 Bxe3 28. Qxe3 Qc5 29. Qe1 Qb4 30. Qc1 Qd4 31. Qe1 Rc5 32. Qe4 Qxe4 33. Nxe4 Rxc2 34. Nf6+ Kg7 35. b3 Rb2 36. Ne8+ Kf8 37. Nd6 Rxb3 38. Nc4 Rb4 39. Nd6 Rxa4 40. Kg1 Rd4 41. Nb5 Rd5 42. Nc3 b5 43. Kf1 0-1

[Event "Catalunya-ch U14"]
[Site "Sabadell"]
[Date "2010.02.06"]
[Round "4"]
[White "Boixados Sabando, Esteve"]
[Black "Gomez Domenech, David"]
[Result "0-1"]
[WhiteElo "1754"]
[BlackElo "1856"]
[PlyCount "44"]
[EventDate "2010.01.16"]
[EventType "swiss"]
[EventRounds "6"]
[EventCountry "ESP"]
[SourceTitle "EXT 2024"]
[Source "ChessBase"]
[SourceDate "2023.10.10"]
[SourceVersion "1"]
[SourceVersionDate "2023.10.10"]
[SourceQuality "1"]

1. e4 c5 2. d4 cxd4 3. Qxd4 Nc6 4. Qd1 g6 5. c3 Nf6 6. Bd3 Bg7 7. Bg5 0-0 8. Nd2 d6 9. Ngf3 a6 10. 0-0 Bg4 11. Be2 Qa5 12. b4 Qc7 13. Nd4 Bxe2 14. Qxe2 d5 15. exd5 Nxd5 16. Nxc6 Qxc6 17. Bxe7 Rfe8 18. c4 Rxe7 19. cxd5 Rxe2 20. dxc6 Bxa1 21. cxb7 Rb8 22. Rxa1 Rxd2 0-1

[Event "Barcelona Region West-ch U14"]
[Site "Barcelona"]
[Date "2009.01.31"]
[Round "2.1"]
[White "Gomez Domenech, David"]
[Black "Jareno Badenas, Aleix"]
[Result "0-1"]
[WhiteElo "1796"]
[BlackElo "2023"]
[PlyCount "96"]
[EventDate "2009.01.17"]
[EventType "swiss"]
[EventRounds "6"]
[EventCountry "ESP"]
[SourceTitle "EXT 2024"]
[Source "ChessBase"]
[SourceDate "2023.10.10"]
[SourceVersion "1"]
[SourceVersionDate "2023.10.10"]
[SourceQuality "1"]

1. c4 Nf6 2. Nc3 g6 3. g3 Bg7 4. Bg2 0-0 5. Nf3 d6 6. 0-0 e5 7. d3 h6 8. Rb1 Nbd7 9. b4 a5 10. a3 Nh7 11. Nd2 f5 12. b5 g5 13. Nd5 Nhf6 14. e3 Nxd5 15. Bxd5+ Kh8 16. f4 exf4 17. exf4 g4 18. Bb2 Bxb2 19. Rxb2 Qf6 20. Qc2 Nc5 21. Nb3 Be6 22. Bxe6 Nxe6 23. Rbb1 Nd4 24. Nxd4 Qxd4+ 25. Kh1 Rfe8 26. Qb2 Qxb2 27. Rxb2 Re3 28. Rd2 Rae8 29. a4 Kg7 30. Kg1 Re2 31. Rxe2 Rxe2 32. Rf2 Re3 33. Kf1 Rxd3 34. Re2 Kf7 35. c5 Rd5 36. cxd6 cxd6 37. Rc2 Rc5 38. Rd2 Ke7 39. Rd4 Rc1+ 40. Kf2 Rc2+ 41. Kg1 Ke6 42. Rd3 Rc4 43. Re3+ Kd7 44. b6 Rb4 45. Rd3 Kc6 46. Re3 Rxa4 47. Re6 Rb4 48. Rxh6 Rxb6 0-1